E-Commerce Website for Villamayor Bike Shop in Binangonan, Rizal (Record no. 68366)

MARC details
000 -LEADER
fixed length control field 00975nam a22002537a 4500
003 - CONTROL NUMBER IDENTIFIER
control field URS
005 - DATE AND TIME OF LATEST TRANSACTION
control field 20230302130919.0
008 - FIXED-LENGTH DATA ELEMENTS--GENERAL INFORMATION
fixed length control field 230302b |||||||| |||| 00| 0 eng d
043 ## - GEOGRAPHIC AREA CODE
Geographic area code URS
100 ## - MAIN ENTRY--PERSONAL NAME
9 (RLIN) 4089
Personal name Phil Andrei G. Lazaro
Relator term Author
245 ## - TITLE STATEMENT
Title <a href="E-Commerce Website for Villamayor Bike Shop in Binangonan, Rizal">E-Commerce Website for Villamayor Bike Shop in Binangonan, Rizal</a>
Statement of responsibility, etc Phil Andrei G. Lazaro, Daljhonne A. Alinas, Mark R. Lacanaria, Berlin B. Liberato, Charelo T. Daniel
260 ## - PUBLICATION, DISTRIBUTION, ETC. (IMPRINT)
Date of publication, distribution, etc 2021
300 ## - PHYSICAL DESCRIPTION
Extent xi, 96 leaves;
Dimensions 28 cm.
336 ## - CONTENT TYPE
Source rdacontent
Content type term text
337 ## - MEDIA TYPE
Source rdaemedia
Media type term unmediated
338 ## - CARRIER TYPE
Source rdacarrier
Carrier type term volume
502 ## - DISSERTATION NOTE
Dissertation note Undergraduate Thesis
Degree type Bachelor of Science in Information System<br/>
Name of granting institution University of Rizal System, Binangonan
Year degree granted 2021
700 ## - ADDED ENTRY--PERSONAL NAME
9 (RLIN) 4090
Personal name Daljhonne A. Alinas
Relator term Author
700 ## - ADDED ENTRY--PERSONAL NAME
9 (RLIN) 4091
Personal name Mark R. Lacanaria
Relator term Author
700 ## - ADDED ENTRY--PERSONAL NAME
9 (RLIN) 4092
Personal name Berlin B. Liberato
Relator term Author
700 ## - ADDED ENTRY--PERSONAL NAME
9 (RLIN) 4093
Personal name Charelo T. Daniel
Relator term Author
700 ## - ADDED ENTRY--PERSONAL NAME
9 (RLIN) 2311
Personal name De Jesus, Ernan P. MSIT
Relator term adviser
942 ## - ADDED ENTRY ELEMENTS (KOHA)
Source of classification or shelving scheme Library of Congress Classification
Koha item type Theses and dissertations
Holdings
Withdrawn status Source of classification or shelving scheme Damaged status Not for loan Home library Current library Shelving location Date acquired Total Checkouts Barcode Date last seen Price effective from Koha item type
  Library of Congress Classification     Binangonan College Library Binangonan College Library Undergraduate Theses 03/02/2023   URSBIN-UGT2708 03/02/2023 03/02/2023 Theses and dissertations
  Library of Congress Classification     Binangonan College Library Binangonan College Library Undergraduate Theses 07/04/2023   URSBIN-UGT2783 07/04/2023 07/04/2023 Theses and dissertations

University of Rizal System
Email us at univlibservices@urs.edu.ph

Visit our Website www.urs.edu.ph/library